| 000 | 01202cam a2200301 a 4500 | ||
|---|---|---|---|
| 005 | 20260322212031.0 | ||
| 008 | data | ||
| 010 | _a 2010012899 | ||
| 020 | _a9780195374407 (pbk. : alk. paper) | ||
| 020 | _a0195374401 | ||
| 040 |
_aDLC _cDLC |
||
| 042 | _apcc | ||
| 043 | _an-us--- | ||
| 050 | 0 | 0 |
_aKF9731 _b.M36 2010 |
| 082 | 0 | 0 |
_a344.7303/56 _222 |
| 092 | _a344.73 M36 2010 | ||
| 100 | 1 |
_aBoston, John, _d1948- |
|
| 245 | 1 | 0 |
_aPrisoners' self-help litigation manual / _cJohn Boston & Daniel E. Manville. |
| 250 | _a4th ed. | ||
| 260 |
_aNew York : _aNew York : _bOceana, _cc2010. |
||
| 300 |
_axv, 928 p. : _bforms ; _c28 cm. |
||
| 500 | _aIncludes index. | ||
| 505 | 0 | _aIntroduction : using this manual and using the courts -- Conditions of confinement -- Civil liberties in prison -- Procedural due process -- Equal protection of the laws -- Pre-trial detainee's rights -- The legal system -- Actions, defenses, and relief -- The prison litigation reform act -- How to litigate -- Legal research -- Writing legal documents. | |
| 650 | 0 |
_aPrisoners _xLegal status, laws, etc. _zUnited States. |
|
| 650 | 0 |
_aActions and defenses _zUnited States. |
|
| 700 | 1 | _aManville, Daniel E. | |
| 001 | data | ||
| 999 |
_c718 _d718 |
||